guess the country by something iconic - Statistics

General Stats
  • This quiz has been taken 34 times
  • The average score is 12 of 15
Answer Stats
Picture Answer % Correct
China
100%
Egypt
100%
Australia
96%
France
96%
Italy
96%
Mexico
93%
Belgium
89%
New zealand
89%
Russia
89%
Ireland
75%
Spain
75%
Brazil
71%
America
54%
Turkey
46%
Britain
43%
No matching quizzes found
Score Distribution
Percent of People with Each Score
Percentile by Number Answered
Your Score History
You have not taken this quiz